Kúpeľné podniky Slovenska a Poľska bakalárska práca

Na minha lista:
Detalhes bibliográficos
Autor principal: Jurčovičová, Lucia
Autor Corporativo: Obchodná fakulta EU. Katedra cestovného ruchu
Outros Autores: Halenárová, Mária, 1994-
Formato: Livro
Idioma:eslovaco
Publicado em: Bratislava 2024
Tags: Adicionar Tag
Sem tags, seja o primeiro a adicionar uma tag!

MARC

LEADER 00000nbm a2200000 4500
001 0302226
005 20250814091757.8
041 0 |a slo 
044 |a SK 
245 1 0 |a Kúpeľné podniky Slovenska a Poľska  |b bakalárska práca  |c Lucia Jurčovičová ; školiteľ: Mária Halenárová 
264 1 |a Bratislava  |c 2024 
300 |a 43 s. 
100 1 |a Jurčovičová, Lucia 
700 1 |a Halenárová, Mária, 1994- 
710 2 |a Obchodná fakulta EU. Katedra cestovného ruchu